000 00422 a2200145 4500
999 _c5682
_d5682
020 _a9788122416893
050 _aQA401.DUT 2005
100 _aDutta, Debashis
_eauthor
245 _aTextbook of engineering mathematics /
_cDebashis Dutta
264 _aNew Delhi :
_bNew Age International.,
_c2005
300 _axvi., 926 pgs
500 _alncludes index
650 _aEngineering mathematics
942 _2lcc
_cBK
_h401
_iDUT
_kQA